TADC NPCs and AIs - Statistics

General Stats
  • This quiz has been taken 173 times
    122 since last reset
  • The average score is 17 of 29
Answer Stats
Hint Answer % Correct
Ringmaster's sidekick Bubble
97%
The Ringmaster Caine
97%
Becomes Pomni's friend in Episode 2 Gummigoo
84%
Minions of the above Gloink(s)
81%
Bizzaro Version of Jax Evil Jax
78%
Bizzaro Version of Pomni Evil Pomni
76%
NPC made out of orbs Orbsman
76%
Bizzaro Version of Raggatha Evil Ragatha
75%
Boss of the first adventure Gloink Queen
75%
Has a bizzaro Version instead of Gangle Evil Orbsman
72%
Disappears mid-sentence Disappearing Guy
70%
Monster that hunted Pomni and Kinger during Episode 3 Angel
66%
Bizzaro Version of Zooble Bazooble
66%
"Hello [first] I love you" Moon
66%
"HI [first] I'M GONNA KILL YOU!" Sun
64%
Associated with a butt joke in Episode 6 Ming
61%
Candy eating goob made out of chocolate The Fudge
60%
Most common NPC Mannequin(s)
55%
The only one applauding during the beginning of the softball game in Episode 5 Giant Centipede
49%
Princess of the Candy Canyon Kingdom Princess Loolilalu
49%
Other Relative of the above Chad
48%
First encountered Ghost in Episode 3 Ghostly
48%
Relative of the above Max
48%
Wife of the above Martha Mildenhall
42%
Husband that killed his wife in the process trying to defeat the monster in his house Baron Mildenhall
40%
Attacked Pomni when she opened a door to a bathroom Dr. Football
36%
Found in a barrel while Pomni was being chased by Kaufmo Barrel Monkey(s)
13%
The first's right eyeball Jeffery
9%
Bizzaro Version of Kinger Coach Dictarorer
1%
No matching quizzes found
Score Distribution
Percent of People with Each Score
Percentile by Number Answered
Your Score History
You have not taken this quiz since the last reset